Tratados y convenciones internacionales vigentes para Guatemala
Guardado en:
| Autor Corporativo: | |
|---|---|
| Formato: | Texto |
| Publicado: |
Guatemala:
MRE
|
| Etiquetas: |
Agregar Etiqueta
Sin Etiquetas, Sea el primero en etiquetar este registro!
|
MARC
| LEADER | 00000 a a2200000 04500 | ||
|---|---|---|---|
| 001 | 23088 | ||
| 003 | |||
| 040 | |||
| 090 | |a 159200 | ||
| 110 | |a Guatemala. Ministerio de Relaciones Internacionales | ||
| 245 | |a Tratados y convenciones internacionales vigentes para Guatemala | ||
| 260 | |a Guatemala: |b MRE | ||
| 300 | |a 179 p.; vol. III |b **no definido** |b il. | ||
| 999 | |c 16181 |d 16181 | ||
